MLB teams with the most playoff appearances - Statistics

General Stats
  • This quiz has been taken 26 times
  • The average score is 11 of 13
Answer Stats
# of appearances Team % Correct
22 Chicago Cubs
100%
60 New York Yankees
100%
26 Boston Red Sox
96%
39 Los Angeles Dodgers
96%
32 St Louis Cardinals
92%
29 Oakland Athletics
83%
27 San Francisco Giants
83%
30 Atlanta Braves
79%
18 Cleveland Guardians
79%
18 Houston Astros
79%
18 Philadelphia Phillies
79%
18 Detroit Tigers
75%
18 Minnesota Twins
75%
No matching quizzes found
Score Distribution
Percent of People with Each Score
Percentile by Number Answered
Your Score History
You have not taken this quiz